000 00928nam a2200277 a 4500
001 000011932
005 20210409114020.0
008 091102s1998 sp a 000 p spa d
020 _a8437612527
040 _aDO-SdBNP
_bspa
_cBNPHU
082 _a861.62
_bG216pr, 1998
100 _aGarcía Lorca, Federico,
_d1898-1936
_914727
245 1 0 _aProsa inédita de juventud /
_cFederico García Lorca ; edición de Christopher Maurer.
250 _a2a ed.
260 _aMadrid :
_bCátedra,
_c1998.
300 _a520 p. :
_bil. ;
_c18 cm.
490 1 _aLetras hispánicas
_v377
500 _aInlcuye referencias bibliográficas y notas al pie de las páginas.
650 4 _aPoesía española
_9631
650 4 _aProsa poética española
_928208
650 4 _aLiteratura española
_ySIGLO XX
_93326
700 1 _aMaurer, Christopher,
_eed.
_928209
830 0 _aLetras hispánicas;
_v377
_94208
910 _aWM
049 _aBNGR
999 _c11602
_d11602